00654nam a2200193Ia 4500001002200000003000900022008004100031040002300072041001300095100002500108245005200133250001500185260003600200300002500236490002700261501012400288520002800412700002000440232-CAS fe vo (11671)IT-MiSPE171229s9999||||xx |||||||||||||| ||und|| aIT-MiSPEcIT-MiSPE aITALIANO aFerdinando Castelli  0aVolti di Gesù nella letteratura modernabIII. a1a ed. (v) aCinisello B.mobSan Paoloc1995 a777 p. [3 v.]c22 cm a Le opere, i giorniv3 aEdizioni San Paolo srl - Piazza Soncino, 5 - 20092 CINISELLO BALSAMO (MI) (non commercial uses only) ® Copyright 2018 aFerruccio Ulivi (pref.) aFerruccio Ulivi